| 000 | 00993cam a2200241 i 4500 | ||
|---|---|---|---|
| 003 | IT-RoINE | ||
| 005 | 20180904100134.0 | ||
| 008 | 030528s2002 sp | r ||| ||spa d | ||
| 020 | _a8493288403 | ||
| 040 |
_aSpMaBN _cSpMaBN IT-RoINE _dIT-RoINE |
||
| 100 | 1 |
_aGarcía de la Borbolla García de Paredes, Ángeles _928736 |
|
| 245 | 1 | 4 |
_a"La praesentia" y la "virtus" : _bla imagen y la función del santo a partir de la hagiografía castellano-leonesa del siglo XIII / _cÁngeles García de la Borbolla García de Paredes. |
| 260 |
_aSanto Domingo de Silos : _bAbadía de Santo Domingo de Silos, _c2002. |
||
| 300 |
_a389 p. ; _c24 cm. |
||
| 336 |
_2rdacontent _atext |
||
| 337 |
_2rdamedia _aunmediated |
||
| 338 |
_2rdacarrier _avolume |
||
| 490 | 1 |
_aStudia Silensia ; _v24 |
|
| 504 | _aBibliografía: p. [371]-385 | ||
| 650 | 4 |
_aHagiografía cristiana _zEspaña _zCastilla y León _xHistoria _ySiglo 13o. _951957 |
|
| 830 | 0 |
_925162 _aStudia Silensia (Abadía de Silos) ; _v24 |
|
| 942 | _cMTS | ||
| 999 |
_c26251 _d26251 |
||